<?xml version="1.0" encoding="UTF-8"?>
<record
    xmlns:xsi="http://www.w3.org/2001/XMLSchema-instance"
    xsi:schemaLocation="http://www.loc.gov/MARC21/slim http://www.loc.gov/standards/marcxml/schema/MARC21slim.xsd"
    xmlns="http://www.loc.gov/MARC21/slim">

  <leader>00666nam a22001817a 4500</leader>
  <datafield tag="952" ind1=" " ind2=" ">
    <subfield code="0">0</subfield>
    <subfield code="1">0</subfield>
    <subfield code="2">ddc</subfield>
    <subfield code="4">0</subfield>
    <subfield code="7">0</subfield>
    <subfield code="8">NFIC</subfield>
    <subfield code="a">ASL</subfield>
    <subfield code="b">ASL</subfield>
    <subfield code="c">DC</subfield>
    <subfield code="d">2022-05-31</subfield>
    <subfield code="e">ASB Library Collection</subfield>
    <subfield code="l">0</subfield>
    <subfield code="o">954.922 AZB</subfield>
    <subfield code="p">116873</subfield>
    <subfield code="r">2022-05-31 00:00:00</subfield>
    <subfield code="t">C-1</subfield>
    <subfield code="w">2022-05-31</subfield>
    <subfield code="y">BK</subfield>
  </datafield>
  <datafield tag="999" ind1=" " ind2=" ">
    <subfield code="c">28795</subfield>
    <subfield code="d">28795</subfield>
  </datafield>
  <controlfield tag="003">BDDh-ASL</controlfield>
  <controlfield tag="005">20231015030954.0</controlfield>
  <controlfield tag="008">220531s2005    b  ||||| |||| 00| 0 b   d</controlfield>
  <datafield tag="040" ind1=" " ind2=" ">
    <subfield code="c">BDDh-ASL</subfield>
  </datafield>
  <datafield tag="082" ind1=" " ind2=" ">
    <subfield code="a">954.922</subfield>
    <subfield code="b">AZB</subfield>
  </datafield>
  <datafield tag="100" ind1="1" ind2=" ">
    <subfield code="9">6268</subfield>
    <subfield code="a">&#x986;&#x99C;&#x9BF;&#x9AE;, &#x9AA;&#x9B0;&#x9BE;&#x997;</subfield>
  </datafield>
  <datafield tag="245" ind1="1" ind2=" ">
    <subfield code="a">&#x9E7;&#x9E6;&#x9E6; &#x9AC;&#x99B;&#x9B0; &#x986;&#x997;&#x9C7; &#x9A2;&#x9BE;&#x995;&#x9BE;&#x9AA;&#x9CD;&#x9B0;&#x995;&#x9BE;&#x9B6; /</subfield>
  </datafield>
  <datafield tag="246" ind1=" " ind2=" ">
    <subfield code="a">100 Bachar Age Dhakaprakash.</subfield>
  </datafield>
  <datafield tag="260" ind1=" " ind2=" ">
    <subfield code="a">&#x9A2;&#x9BE;&#x995;&#x9BE;: </subfield>
    <subfield code="b">&#x985;&#x9AC;&#x9B8;&#x9B0; &#x9AA;&#x9CD;&#x9B0;&#x995;&#x9BE;&#x9B6;&#x9A8;&#x9BE; &#x9B8;&#x982;&#x9B8;&#x9CD;&#x9A5;&#x9BE;, </subfield>
    <subfield code="c">&#x9E8;&#x9E6;&#x9E6;&#x9EB;&#x964; </subfield>
  </datafield>
  <datafield tag="300" ind1=" " ind2=" ">
    <subfield code="a">&#x9E7;&#x9E9;&#x9EC; &#x9AA;&#x9C3;&#x9B7;&#x9CD;&#x9A0;&#x9BE;: </subfield>
    <subfield code="c">&#x9E8;&#x9E8; &#x9B8;&#x9C7;.&#x9AE;&#x9BF;. </subfield>
  </datafield>
  <datafield tag="650" ind1=" " ind2="0">
    <subfield code="9">6126</subfield>
    <subfield code="a">History of Dhaka (&#x9A2;&#x9BE;&#x995;&#x9BE;&#x9B0; &#x987;&#x9A4;&#x9BF;&#x9B9;&#x9BE;&#x9B8;) </subfield>
  </datafield>
  <datafield tag="942" ind1=" " ind2=" ">
    <subfield code="2">ddc</subfield>
    <subfield code="c">BK</subfield>
  </datafield>
</record>
